Harmonies entre mère et bébé (notice n° 1586702)
[ vue normale ]
| 000 -LEADER | |
|---|---|
| fixed length control field | 01277cam a2200205 4500500 |
| 005 - DATE AND TIME OF LATEST TRANSACTION | |
| control field | 20251228060005.0 |
| 041 ## - LANGUAGE CODE | |
| Language code of text/sound track or separate title | fre |
| 042 ## - AUTHENTICATION CODE | |
| Authentication code | dc |
| 100 10 - MAIN ENTRY--PERSONAL NAME | |
| Personal name | Gratier, Maya |
| Relator term | author |
| 245 00 - TITLE STATEMENT | |
| Title | Harmonies entre mère et bébé |
| 260 ## - PUBLICATION, DISTRIBUTION, ETC. | |
| Date of publication, distribution, etc. | 2001.<br/> |
| 500 ## - GENERAL NOTE | |
| General note | 72 |
| 520 ## - SUMMARY, ETC. | |
| Summary, etc. | Résumé La sensibilité au temps est-elle innée ? Les recherches sur les interactions nourrisson-adulte suggèrent que dès la naissance, le bébé est capable d’appréhender le rythme et qu’il est particulièrement sensible au rythme des interactions sociales naturelles. L’analyse des interactions vocales précoces offre des éclairages importants sur la façon dont le bébé s’accorde et s’ajuste de manière dynamique et créative aux expressions de l’adulte. Par ailleurs, le bébé semble doué d’une sensibilité quasi musicale à l’interaction entre rythme et mélodie dans la voix, lui permettant de moduler ses vocalisations afin d’optimiser leur expressivité. |
| 690 ## - LOCAL SUBJECT ADDED ENTRY--TOPICAL TERM (OCLC, RLIN) | |
| Topical term or geographic name as entry element | é<br/> précoce |
| 690 ## - LOCAL SUBJECT ADDED ENTRY--TOPICAL TERM (OCLC, RLIN) | |
| Topical term or geographic name as entry element | é |
| 690 ## - LOCAL SUBJECT ADDED ENTRY--TOPICAL TERM (OCLC, RLIN) | |
| Topical term or geographic name as entry element | rythme |
| 690 ## - LOCAL SUBJECT ADDED ENTRY--TOPICAL TERM (OCLC, RLIN) | |
| Topical term or geographic name as entry element | synchronie<br/> interactionnelle |
| 786 0# - DATA SOURCE ENTRY | |
| Note | Enfances & Psy | 13 | 1 | 2001-03-01 | p. 9-15 | 1286-5559 |
| 856 41 - ELECTRONIC LOCATION AND ACCESS | |
| Uniform Resource Identifier | <a href="https://shs.cairn.info/revue-enfances-et-psy-2001-1-page-9?lang=fr&redirect-ssocas=7080">https://shs.cairn.info/revue-enfances-et-psy-2001-1-page-9?lang=fr&redirect-ssocas=7080</a> |
Pas d'exemplaire disponible.




Réseaux sociaux